Rugby Fédérale 1 2016-2017 - Statistiques

Statistiques générales
  • Ce quiz a été pris 241 fois
  • Le résultat moyen est 8 sur 41
Statistiques - réponses
Clubs % Correct
Tarbes Pyrénées Rugby
44%
FC Auch Gers
43%
Rugby Club Massy Essonne
37%
US Bressane
32%
USON Nevers Rugby
31%
Stade Olympique Chambérien
30%
Stade Rouennais
30%
Blagnac Sporting Rugby Club
29%
Stade Nantais Rugby
29%
Union Sportive Tyrossaise
29%
Aix-Marseille Provence Rugby
26%
Saint-Jean-de-Luz Olympique Pays Basque
26%
Stade Dijonnais
24%
Rugby Club Nîmes Gard
23%
Racing Club de Strasbourg
21%
Sporting Club Graulhetois
21%
USA Limoges
21%
Anglet Olympique Rubgy Club
20%
FC Oloronais
18%
Stade Bagnerais
18%
Avenir Valencien
17%
Union Sportive Seynoise
17%
Rugby Club Aubenas
16%
Stade Langonnais
16%
AS Vauréenne
15%
Union Sportive Cognacaise
15%
Stade Rugby Rodez Aveyron
14%
Avenir Castanéen
12%
Sporting Club Tulliste
12%
US Romans La Peagoise
12%
Rugby Olympique Agathois
10%
Saint-Nazaire Rugby Loire Atlantique
9%
AC Bobigny 93 Rugby
8%
Lombez Samatan Club
6%
Saint-Médard Rugby Club
6%
Union Sportive St-Sulpicienne
6%
AS Villeurbanne Eveil Lyonnais
5%
Rugby Athletic Club Angérien
5%
SAT Trélissac
4%
AS Mâconnaise
3%
Rugby Olympique Grasse
1%
Aucun quiz correspondant
Distribution des résultats
% des personnes avec chaque résultat
Percentile par nombre de réponses
Votre historique - résultats
Vous n’avez pas pris ce quiz